000 00422nam a22001337a 4500
020 _a0000000563086
040 _cNUST
082 _a891.4393 UMA
100 _aHeraldlium
_996877
245 _aUmar Khayam Azeem Danishwar Riazi Daan Shayer Aur Mahir E Falkiyat
260 _aLahore:
_b Al Hamd Publication,
_c2018.
650 _aUmar Khayam Azeem Danishwar Riazi Daan Shayer Aur Mahir E Falkiyat
_996878
942 _2ddc
_cBK
999 _c590911
_d590911